[Event "1/128 Finale"]
[Site "www.chess-mail.com"]
[Date "2017.04.18"]
[Round "1"]
[White "Biggles"]
[Black "Cjood"]
[WhiteElo "2170"]
[BlackElo "1699"]
[Result "0-1"]
[Round "1"]
1.e4 g6
2.Nb1c3 b6
3.d4 Bc8b7
4.Ng1f3 Bf8g7
5.Bc1e3 Ng8f6
6.Bf1d3 d5
7.e5 Nf6d7
8.Qd1d2 f5
9.e6 Nd7f8
10.Nf3g5 Qd8d6
11.Nc3b5 Qd6c6
12.O-O a6
13.a4 h6
14.Ng5f7 Rh8h7
15.Nf7xh6 Nf8xe6
16.Rf1e1 Qc6d7
17.Nb5c3 Ne6xd4
18.Nh6g8 Nd4e6
19.Be3g5 Bg7xc3
20.bxc3 Qd7d6
21.Qd2e3 Qd6xh2
22.Kf1 Qh2h1
23.Ke2 Qh1h5
24.Kd2 Qh5xg5
25.Qe3xg5 Ne6xg5
26.Ng8f6 Kf7
27.Nf6xh7 Ng5xh7
28.Re1h1 Nh7f6
29.Ra1e1 c5
30.c4 Nb8d7
31.f3 e5
32.Rh1h3 e4
33.fxe4 dxe4
34.Bd3e2 Bb7c6
35.Re1a1 Nd7e5
36.a5 b5
37.cxb5 axb5
38.a6 Nf6d5
39.a7 Kf6
40.Ra1a6 Nd5b4
41.Ra6a5 c4
42.c3 Nb4d5
43.Rh3h1 e3
44.Kc2 Nd5f4
45.Be2f3 Nf4xg2
46.Bf3xc6 Ne5xc6
47.Ra5a6 Ra8xa7
48.Ra6xc6 Kg7
49.Rc6e6 Ra7a2
50.Kb1 Ra2e2
51.Re6d6 Re2d2
52.Rd6xd2 exd2
53.Kc2 d1Q
54.Kxd1 f4
55.Ke2 g5
56.Rh1g1 g4
57.Rg1b1 f3
58.Kf2 Ng2f4
59.Kg3 Nf4e2
60.Kxg4 Ne2xc3
61.Rb1b4 f2
{ resign }
0-1

[Event "Tourn. n9269"]
[Site "www.chess-mail.com"]
[Date "2017.04.19"]
[Round "1"]
[White "Comrade"]
[Black "Prize640"]
[WhiteElo "2250"]
[BlackElo "2400"]
[Result "1-0"]
[Round "1"]
1.c4 Ng8f6
2.Nb1c3 g6
3.d4 Bf8g7
4.e4 d6
5.Bf1e2 O-O
6.Ng1f3 e5
7.d5 a5
8.O-O Nb8a6
9.Bc1e3 Nf6g4
10.Nf3d2 Ng4xe3
11.fxe3 Bg7h6
12.Rf1f3 Bc8d7
13.h3 f5
14.exf5 gxf5
15.Rf3g3 Kh8
16.e4 Bh6f4
17.Rg3f3 Qd8g5
18.Be2d3  { time }
1-0

[Event "Tourn. n9204"]
[Site "www.chess-mail.com"]
[Date "2017.04.19"]
[Round "1"]
[White "Marbachess"]
[Black "Tartan"]
[WhiteElo "2670"]
[BlackElo "2400"]
[Result "1-0"]
[Round "1"]
1.f4 d5
2.b3 Ng8f6
3.Bc1b2 g6
4.Ng1f3 Bf8g7
5.e3 O-O
6.Bf1e2 c5
7.O-O Nb8c6
8.Nf3e5 Qd8c7
9.Ne5xc6 Qc7xc6
10.Be2f3 b6
11.Qd1e2 Qc6d7
12.d3 Bc8a6
13.a4 Ra8d8
14.Nb1d2 Rf8e8
15.Bb2e5 Qd7e6
16.c4 g5
17.g3 gxf4
18.gxf4 Qe6f5
19.Ra1d1 dxc4
20.Nd2xc4 Kh8
21.Kh1 Re8g8
22.Rf1g1 Qf5e6
23.Rg1g5 Bg7h6
24.Rg5h5 Bh6g7
25.Rh5h4 Rg8e8
26.Rd1g1 { resign }
1-0

[Event "Tourn. n9188"]
[Site "www.chess-mail.com"]
[Date "2017.04.19"]
[Round "1"]
[White "Tartan"]
[Black "Seger"]
[WhiteElo "2390"]
[BlackElo "2840"]
[Result "0-1"]
[Round "1"]
1.d4 Ng8f6
2.c4 e6
3.Nb1c3 c5
4.d5 exd5
5.cxd5 d6
6.e4 g6
7.Ng1f3 Bf8g7
8.Bf1e2 O-O
9.O-O Rf8e8
10.Nf3d2 Nb8a6
11.f3 Na6c7
12.a4 Nf6d7
13.Kh1 Ra8b8
14.Nd2c4 Nd7e5
15.Bc1f4 Ne5xc4
16.Be2xc4 a6
17.Qd1d2 b5
18.axb5 axb5
19.Bc4d3 c4
20.Bd3e2 Bc8a6
21.Nc3a2 f5
22.Na2b4 Rb8a8
23.Qd2c2 Qd8e7
24.Nb4c6 Qe7d7
25.Rf1d1 Ba6b7
26.Nc6a5 Bb7c8
27.Bf4e3 Qd7f7
28.Ra1a3 g5
29.Be3xg5 Qf7g6
30.Qc2c1 b4
31.Ra3a4 fxe4
32.fxe4 Bc8d7
33.Ra4a2 b3
34.Ra2a1 c3
{ resign }
0-1

[Event "Tourn. n9231"]
[Site "www.chess-mail.com"]
[Date "2017.04.19"]
[Round "1"]
[White "Roque1"]
[Black "Julian"]
[WhiteElo "1860"]
[BlackElo "1930"]
[Result "1-0"]
[Round "1"]
1.e4 c5
2.Ng1f3 d6
3.d4 cxd4
4.Nf3xd4 Ng8f6
5.Nb1c3 a6
6.Bf1e2 e5
7.Nd4b3 Bc8e6
8.Bc1e3 Nb8d7
9.O-O Bf8e7
10.Qd1d2 O-O
11.Nb3a5 Qd8xa5
12.a3 Ra8c8
13.b4 Qa5c7
14.Nc3d5 Nf6xe4
15.Nd5xe7 Kh8
16.Qd2d3 Ne4c3
17.Ne7xc8 Nc3xe2
18.Qd3xe2 Rf8xc8
19.f4 Qc7xc2
20.Ra1c1 Qc2xc1
21.Be3xc1 f6
22.fxe5 Nd7xe5
23.Bc1f4 Be6c4
24.Qe2c2 Rc8c6
25.Rf1f2 d5
26.Bf4xe5 fxe5
27.Rf2f8 
1-0

[Event "Tourn. n9317"]
[Site "www.chess-mail.com"]
[Date "2017.04.19"]
[Round "1"]
[White "Iko"]
[Black "Pachi"]
[WhiteElo "1700"]
[BlackElo "1540"]
[Result "0-1"]
[Round "1"]
1.e4 e5
2.Ng1f3 d6
3.Bf1d3 g6
4.O-O Bc8g4
5.Bd3e2 Bg4xf3
6.Be2xf3 f5
7.exf5 gxf5
8.Bf3xb7 Nb8d7
9.Bb7xa8 Qd8xa8
10.Qd1h5 Kd8
11.Qh5xf5 Ng8f6
12.d3 Rh8g8
13.Qf5e6 Qa8xg2

0-1

[Event "Tourn. n9288"]
[Site "www.chess-mail.com"]
[Date "2017.04.19"]
[Round "1"]
[White "Sozaro"]
[Black "Wegaman"]
[WhiteElo "2089"]
[BlackElo "1970"]
[Result "1-0"]
[Round "1"]
1.d4 d5
2.c4 e6
3.Nb1c3 Ng8f6
4.Ng1f3 Bf8b4
5.e3 O-O
6.Bf1d3 Bb4xc3
7.bxc3 Nb8d7
8.cxd5 exd5
9.O-O c6
10.c4 Rf8e8
11.Qd1c2 Nf6e4
12.a4 Nd7f6
13.Bc1a3 Bc8g4
14.Nf3e5 Bg4e6
15.Ra1b1 b6
16.Ne5xc6 Qd8d7
17.Nc6e5 Qd7d8
18.cxd5 Be6xd5
19.f3 Ne4g5
20.Bd3b5 Ra8c8
21.Qc2d2 Bd5c4
22.Ne5xc4 Nf6d5
23.e4 Nd5c7
24.Bb5xe8 Qd8xe8
25.Nc4d6 { resign }
1-0

[Event "Tourn. n9295"]
[Site "www.chess-mail.com"]
[Date "2017.04.19"]
[Round "1"]
[White "Paulsyd"]
[Black "Francesco"]
[WhiteElo "2170"]
[BlackElo "2070"]
[Result "1-0"]
[Round "1"]
1.e4 c6
2.d4 d5
3.exd5 cxd5
4.c4 Bc8f5
5.Nb1c3 e6
6.cxd5 exd5
7.Bf1d3 Bf5xd3
8.Qd1xd3 Ng8f6
9.Bc1g5 Bf8e7
10.Ng1f3 O-O
11.O-O Nb8c6
12.Ra1d1 Rf8e8
13.Rf1e1 Ra8c8
14.Bg5xf6 Be7xf6
15.Re1xe8 Qd8xe8
16.Nc3xd5 Qe8e6
17.Nd5xf6 Qe6xf6
18.d5 Rc8d8
19.Qd3b3 Nc6a5
20.Qb3a4 Qf6b6
21.Rd1c1 Qb6xb2
22.Rc1e1 { resign }
1-0

[Event "Tourn. n9314"]
[Site "www.chess-mail.com"]
[Date "2017.04.19"]
[Round "1"]
[White "Prize640"]
[Black "Seger"]
[WhiteElo "2370"]
[BlackElo "2670"]
[Result "0-1"]
[Round "1"]
1.e4 c5
2.Nb1c3 Nb8c6
3.g3 g6
4.Bf1g2 e6
5.d3 Bf8g7
6.f4 Ng8e7
7.Bc1e3 Qd8b6
8.Ra1b1 d5
 { time }
0-1

[Event "Tourn. n9211"]
[Site "www.chess-mail.com"]
[Date "2017.04.19"]
[Round "1"]
[White "Greghghs"]
[Black "Prize640"]
[WhiteElo "2440"]
[BlackElo "2350"]
[Result "1-0"]
[Round "1"]
1.d4 Ng8f6
2.c4 g6
3.Nb1c3 Bf8g7
4.e4 d6
5.Bf1e2 O-O
6.Bc1g5 h6
7.Bg5e3 c5
8.d5 e6
9.Ng1f3 Nf6g4
10.Be3f4 exd5
11.cxd5 Rf8e8
12.Nf3d2 Ng4e5
13.O-O a6
14.a4 Nb8d7
15.Bf4g3 h5
16.f4 Ne5g4
17.Be2xg4 hxg4
18.f5 Nd7e5
19.Bg3xe5 Bg7xe5
20.Qd1xg4 Kg7
21.Nd2f3 Be5f6
22.Qg4g3 Bf6xc3
23.bxc3 Re8xe4
24.Nf3g5 Re4e5
25.Ng5xf7 Kxf7
26.Qg3xg6 Kf8
27.f6 Qd8c7
28.Qg6h6  { time }
1-0

[Event "Match"]
[Site "www.echecsemail.com"]
[Date "2017.04.19"]
[Round "1"]
[White "Sociopatas"]
[Black "Micheles"]
[WhiteElo "1809"]
[BlackElo "2520"]
[Result "0-1"]
[Round "1"]
1.Ng1f3 Ng8f6
2.d4 g6
3.c4 Bf8g7
4.Nb1c3 d5
5.cxd5 Nf6xd5
6.Nc3xd5 Qd8xd5
7.h3 c5
8.a4 cxd4
9.Qd1xd4 Bg7xd4
10.Nf3xd4 Qd5xd4
11.Bc1d2 Qd4xb2
12.Ra1c1 O-O
13.a5 Rf8d8
14.a6 Qb2xd2
 { time }
0-1

[Event "Match"]
[Site "www.echecsemail.com"]
[Date "2017.04.19"]
[Round "1"]
[White "Coraza"]
[Black "Cal"]
[WhiteElo "1770"]
[BlackElo "1550"]
[Result "1-0"]
[Round "1"]
1.e4 e5
2.Ng1f3 d6
3.Bf1c4 h6
4.d4 Bc8g4
5.O-O Ng8f6
6.Nb1c3 a6
7.h3 Bg4h5
8.g4 Bh5g6
9.Rf1e1 Bf8e7
10.Kh1 Nb8c6
11.d5 Nc6a7
12.Bc4b3 c6
13.dxc6 bxc6
14.Qd1e2 O-O
15.Kg2 Nf6d7
16.Qe2xa6 Na7b5
17.Qa6xc6 Nb5xc3
18.Qc6xc3 Nd7f6
19.Bb3d5 Ra8c8
20.Qc3d2 Qd8d7
21.c3 Nf6h7
22.b4 Nh7g5
23.Nf3xe5 dxe5
24.Bd5xf7 Rf8xf7
25.Qd2xd7 Rc8xc3
26.Qd7d2 Be7xb4
27.Qd2d8 Rf7f8
28.Qd8d5 Kh7
29.Bc1xg5 hxg5
30.Ra1c1 Rc3f3
31.Re1f1 Rf8f4
32.Qd5xe5 Bg6xe4
33.Qe5xg5 Rf3xf2
34.Kg3 Rf4f7
35.Rf1xf2 Bb4d6
36.Rf2f4 Bd6xf4
37.Qg5xf4 Rf7xf4
38.Kxf4 Be4d5
39.a4 Bd5b7
40.a5 Bb7g2
41.h4 Kh6
42.a6 Bg2d5
43.a7 g6
44.Rc1c5 Bd5g2
45.Rc5e5 Kg7
46.Re5e4 Bg2xe4
47.Kxe4 { resign }
1-0

[Event "Match"]
[Site "www.echecsemail.com"]
[Date "2017.04.19"]
[Round "1"]
[White "Castletyme"]
[Black "Billyg"]
[WhiteElo "1700"]
[BlackElo "1700"]
[Result "1-0"]
[Round "1"]
1.e4 e5
2.Ng1f3 d6
3.d3 Bc8g4
4.Bf1e2 Ng8f6
5.Bc1g5 Bg4xf3
6.Be2xf3 h6
7.Bg5xf6 Qd8xf6
8.Nb1c3 a6
9.Nc3d5 Qf6e6
10.Nd5xc7 Kd8
11.Nc7xe6 Ke7
12.Ne6xf8 Rh8xf8
13.O-O Rf8d8
14.c3 Kf8
15.Qd1b3 Nb8c6
16.Qb3xb7 Nc6e7
17.Qb7b3 Ra8b8
18.Qb3c2 f5
19.exf5 Ne7xf5
20.d4 Nf5e7
21.dxe5 dxe5
22.Rf1e1 Rb8b5
23.a4 Rb5c5
24.b4 Rc5c4
25.Re1xe5 { resign }
1-0

[Event "Match"]
[Site "www.echecsemail.com"]
[Date "2017.04.19"]
[Round "1"]
[White "Yakke"]
[Black "Ikke"]
[WhiteElo "1770"]
[BlackElo "1169"]
[Result "1-0"]
[Round "1"]
1.e4 g6
2.b3 Ng8f6
3.Bc1b2 c6
4.d3 Qd8a5
5.Bb2c3 Qa5a6
6.Ng1f3 c5
7.d4 b5
8.d5 e6
9.Bc3xf6 Rh8g8
10.Nb1c3 c4
11.Bf1e2 d6
12.O-O e5
13.a4 Nb8d7
14.axb5 Qa6b6
15.Be2xc4 Nd7xf6
16.h3 h6
17.Nc3a4 Qb6b7
18.c3 Nf6xe4
19.Bc4d3 Ne4f6
20.c4 Bf8e7
21.Nf3d2 a6
22.Nd2f3 Nf6h5
23.Qd1d2 Rg8h8
24.Na4b2 Ra8b8
25.Qd2c2 Qb7c7
26.bxa6 Nh5f4
27.Bd3e4 Rh8g8
28.Nf3d2 Nf4e2
29.Kh2 Be7g5
30.Nd2b1 Bg5f4
31.Kh1 Ne2d4
32.Qc2d3 h5
33.Nb1c3 Nd4xb3
34.Nc3b5 Qc7d8
35.Qd3xb3 Qd8d7
36.a7 Rb8a8
37.Nb2a4 Qd7d8
38.c5 Kf8
39.Na4b6 Ra8b8
40.axb8N Kg7
41.Nb5xd6 Qd8f6
42.Nd6xc8 Qf6d8
43.d6 Qd8f6
44.Nb6d7 Rg8xc8
45.Nd7xf6 Rc8f8
46.Ra1a7 Kxf6
47.Nb8d7 Kg7
48.Nd7xf8 Kh6
49.Qb3xf7 Kg5
50.Qf7xg6 Kh4
51.Qg6f6 Bf4g5
52.Nf8g6 
1-0

[Event "Match"]
[Site "www.echecsemail.com"]
[Date "2017.04.19"]
[Round "1"]
[White "Vgrynyuk"]
[Black "Leonger"]
[WhiteElo "2529"]
[BlackElo "2239"]
[Result "1/2-1/2"]
[Round "1"]
1.e4 c5
2.Ng1f3 Nb8c6
3.d4 cxd4
4.Nf3xd4 Ng8f6
5.Nb1c3 d6
6.Bc1g5 e6
7.Qd1d2 a6
8.O-O-O Bc8d7
9.f4 Bf8e7
10.Nd4f3 b5
11.Bg5xf6 gxf6
12.Kb1 Qd8b6
13.f5 O-O-O
14.Qd2e1 Kb8
15.fxe6 fxe6
16.g3 Rh8e8
17.Bf1h3 Nc6e5
18.Nf3d4 Be7f8
19.b3 Bf8g7
20.Qe1d2 h5
21.Nc3e2 Ne5g4
22.Rh1f1 Bg7h6
23.Qd2e1 Bh6g7
24.Qe1d2 Bg7h6
{ draw }
1/2-1/2

[Event "Fast Game"]
[Site "www.echecsemail.com"]
[Date "2017.04.19"]
[Round "1"]
[White "Hennie4820"]
[Black "Claudia"]
[WhiteElo "1660"]
[BlackElo "1789"]
[Result "0-1"]
[Round "1"]
1.e4 c5
2.Ng1f3 d6
3.d4 cxd4
4.Nf3xd4 Ng8f6
5.Nb1c3 e6
6.Bf1e2 a6
7.O-O Bf8e7
8.Bc1e3 O-O
9.f3 Qd8c7
10.Qd1d2 b5
11.a3 Bc8b7
12.Ra1c1 Nb8c6
13.Kh1 Ra8c8
{ time. }
0-1

[Event "Tourn. n9320"]
[Site "www.chess-mail.com"]
[Date "2017.04.20"]
[Round "1"]
[White "Sorento"]
[Black "Awfen"]
[WhiteElo "2060"]
[BlackElo "2070"]
[Result "1-0"]
[Round "1"]
1.e4 Nb8c6
2.d4 e5
3.Ng1f3 exd4
4.Nf3xd4 Nc6xd4
5.Qd1xd4 Ng8f6
6.Nb1c3 d6
7.Bc1g5 Bf8e7
8.O-O-O O-O
9.h4 Nf6g4
10.Bg5xe7 Qd8xe7
11.f3 Ng4e5
12.Kb1 Rf8d8
13.Bf1e2 Ne5c6
14.Qd4d2 Bc8e6
15.f4 Be6d7
16.g4 a5
17.h5 a4
18.h6 a3
19.Nc3d5 Qe7xe4
20.hxg7 axb2
21.Nd5f6 { resign }
1-0

[Event "Tourn. n9285"]
[Site "www.chess-mail.com"]
[Date "2017.04.20"]
[Round "1"]
[White "Danquigley"]
[Black "Prize640"]
[WhiteElo "2540"]
[BlackElo "2400"]
[Result "1-0"]
[Round "1"]
1.e4 c5
2.Nb1c3 Nb8c6
3.Ng1f3 d6
4.d4 cxd4
5.Nf3xd4 e5
6.Nd4f3 Bf8e7
7.Bf1c4 Ng8f6
8.Bc1g5 O-O
9.O-O Bc8e6
10.Qd1d3 Ra8c8
11.Bc4b3 Nf6g4
12.Bg5d2 Nc6a5
13.Bb3xe6 fxe6
14.Nc3d5 Na5c4
15.Nd5xe7 Qd8xe7
16.Bd2g5 Ng4f6
17.b3  { time }
1-0

[Event "Tourn. n9285"]
[Site "www.chess-mail.com"]
[Date "2017.04.20"]
[Round "1"]
[White "Ejner"]
[Black "Prize640"]
[WhiteElo "2370"]
[BlackElo "2400"]
[Result "1-0"]
[Round "1"]
1.d4 Ng8f6
2.c4 e6
3.Nb1c3 d5
4.Bc1g5 Bf8b4
5.e3 c5
6.cxd5 exd5
7.Bf1b5 Nb8c6
8.Ng1e2 O-O
9.dxc5 Bb4xc5
10.O-O Bc5d6
11.Ne2g3 Bc8e6
12.Ng3h5  { time }
1-0

[Event "Tourn. n9211"]
[Site "www.chess-mail.com"]
[Date "2017.04.20"]
[Round "1"]
[White "Prize640"]
[Black "Mdesouza"]
[WhiteElo "2350"]
[BlackElo "2310"]
[Result "0-1"]
[Round "1"]
1.e4 e6
2.d4 d5
3.Nb1d2 Ng8f6
4.e5 Nf6d7
5.f4 c5
6.c3 Nb8c6
7.Nd2f3 Qd8b6
8.g3 cxd4
9.cxd4 Bf8b4
10.Kf2 O-O
11.Bf1h3 Rf8e8
12.Ng1e2 f6
13.Kg2 f5
14.Rh1g1 Bb4e7
15.Kh1 Kh8
16.g4 g6
17.Ne2c3 Qb6d8
18.gxf5 gxf5
19.Nc3b5 a6
20.Nb5d6 Be7xd6
21.exd6 Nd7f6
22.Nf3e5 Re8f8
23.Qd1e1 Nc6xd4
24.Qe1h4 h5
25.Qh4g5 Nf6g4
26.Qg5xh5 Kg7
 { time }
0-1

[Event "Tourn. n9343"]
[Site "www.chess-mail.com"]
[Date "2017.04.20"]
[Round "1"]
[White "Cjood"]
[Black "Quaff"]
[WhiteElo "1849"]
[BlackElo "1629"]
[Result "1-0"]
[Round "1"]
1.d3 e5
2.g3 d5
3.Bf1g2 c6
4.f4 Bf8d6
5.fxe5 Bd6xe5
6.Ng1f3 Nb8d7
7.d4 Be5f6
8.Nb1c3 Ng8e7
9.e4 dxe4
10.Nc3xe4 O-O
11.Ne4d6 Ne7d5
12.O-O Bf6e7
13.Nd6f5 Nd7f6
14.Nf5xe7 Qd8xe7
15.Rf1e1 Qe7d6
16.Nf3e5 Nf6d7
17.Ne5c4 Qd6c7
18.Qd1e2 b5
19.Nc4e5 Nd7xe5
20.dxe5 Rf8e8
21.Bg2xd5 cxd5
22.Qe2xb5 Re8xe5
23.Qb5e8 { resign }
1-0

[Event "Tourn. n9216"]
[Site "www.chess-mail.com"]
[Date "2017.04.20"]
[Round "1"]
[White "Falcoale"]
[Black "Nulladies"]
[WhiteElo "1900"]
[BlackElo "1750"]
[Result "0-1"]
[Round "1"]
1.e4 c5
2.Ng1f3 g6
3.a3 Nb8c6
4.c3 Bf8g7
5.Bf1c4 e6
6.O-O d5
7.exd5 exd5
8.Rf1e1 Ng8e7
9.Bc4a2 c4
10.d3 Bc8e6
11.d4 O-O
12.Bc1f4 Qd8d7
13.Nb1d2 Ne7f5
14.Nf3e5 Nc6xe5
15.Bf4xe5 Bg7xe5
16.Re1xe5 f6
17.Re5e2 Nf5d6
18.Qd1c2 Be6f5
19.Qc2c1 Rf8e8
20.Re2xe8 Ra8xe8
21.Ba2b1 a5
22.Bb1xf5 Nd6xf5
23.Nd2f3 Re8e2
24.Qc1f4 Re2xb2
25.Nf3h4 Nf5xh4
26.Qf4xh4 Kg7
27.f3 Rb2c2
28.Qh4e1 Kf7
29.Qe1e3 Qd7e6
30.Qe3xe6 Kxe6
31.Ra1e1 Kd7
32.Re1e3 Rc2c1
33.Kf2 Rc1a1
34.Kg3 Ra1xa3
35.h4 b5
36.Kf4 b4
37.cxb4 Ra3xe3
38.Kxe3 axb4
39.Kd2 Kc6
40.g4 Kb5
41.f4 h6
42.g5 fxg5
43.hxg5 hxg5
44.fxg5 Ka4
{ resign }
0-1

[Event "Tourn. n9246"]
[Site "www.chess-mail.com"]
[Date "2017.04.20"]
[Round "1"]
[White "Tartan"]
[Black "Aperturaf"]
[WhiteElo "2410"]
[BlackElo "2540"]
[Result "0-1"]
[Round "1"]
1.e4 e6
2.d4 d5
3.Nb1d2 a6
4.Ng1f3 c5
5.exd5 exd5
6.dxc5 Bf8xc5
7.Nd2b3 Bc5a7
8.Qd1e2 Qd8e7
9.Bc1d2 Nb8c6
10.Bd2g5 Qe7xe2
11.Bf1xe2 h6
12.Bg5f4 Ng8f6
13.O-O O-O
14.Ra1e1 Bc8f5
15.Be2d3 Bf5xd3
16.cxd3 Rf8e8
17.Bf4d6 Nf6d7
18.h3 Ra8c8
19.a3 f6
20.d4 Nd7b6
21.Nb3c5 Re8xe1
22.Rf1xe1 Nb6c4
23.Nc5xb7 Nc6xd4
{ resign }
0-1

[Event "Tourn. n9308"]
[Site "www.chess-mail.com"]
[Date "2017.04.20"]
[Round "1"]
[White "Picifarkinca"]
[Black "Leonger"]
[WhiteElo "2010"]
[BlackElo "2130"]
[Result "0-1"]
[Round "1"]
1.Ng1f3 Ng8f6
2.c4 c5
3.Nb1c3 Nb8c6
4.d4 cxd4
5.Nf3xd4 e6
6.g3 Qd8b6
7.Nd4c2 Bf8c5
8.e3 O-O
9.Bf1g2 d5
10.cxd5 exd5
11.O-O Bc8g4
12.Qd1e1 Qb6a6
13.f3 Bg4f5
14.Qe1d2 Bc5b6
15.Nc2d4 Nc6xd4
16.exd4 Bf5d3
17.Rf1d1 Bb6xd4
18.Kh1 Rf8e8
19.h3 Re8e3
20.Qd2f2 Ra8e8
21.Bc1xe3 Bd4xe3
22.Qf2e1 d4
23.Nc3e4 Nf6xe4
24.fxe4 Bd3e2
25.Rd1d2 Be3xd2
26.Qe1xd2 d3
{ resign }
0-1

[Event "Tourn. n9347"]
[Site "www.chess-mail.com"]
[Date "2017.04.20"]
[Round "1"]
[White "Cjood"]
[Black "Jjmcbride"]
[WhiteElo "1870"]
[BlackElo "1810"]
[Result "1-0"]
[Round "1"]
1.e4 e5
2.Ng1f3 d6
3.Bf1c4 a6
4.d4 b5
5.Bc4b3 h6
6.dxe5 f6
7.Qd1d5 c6
8.Qd5f7 
1-0

[Event "Tourn. n9307"]
[Site "www.chess-mail.com"]
[Date "2017.04.20"]
[Round "1"]
[White "Guidom"]
[Black "Sorento"]
[WhiteElo "1990"]
[BlackElo "1929"]
[Result "0-1"]
[Round "1"]
1.e4 c5
2.f4 d5
3.e5 Nb8c6
4.Ng1f3 Bc8f5
5.b3 e6
6.Bf1b5 Qd8b6
7.c4 a6
8.Bb5a4 dxc4
9.Ba4xc6 bxc6
10.Nb1c3 cxb3
11.axb3 Ng8e7
12.Nc3a4 Qb6b5
13.Na4c3 Qb5d3
14.Qd1e2 Ne7d5
15.Nc3xd5 cxd5
16.Qe2xd3 Bf5xd3
17.Kf2 Ra8b8
18.Bc1a3 Rb8xb3
19.Rh1c1 c4
20.Ba3xf8 Kxf8
21.Ra1xa6 g6
22.h4 Kg7
23.g4 c3
24.Rc1xc3 Rb3xc3
25.dxc3 Bd3xa6
{ resign }
0-1

[Event "Tourn. n9283"]
[Site "www.chess-mail.com"]
[Date "2017.04.20"]
[Round "1"]
[White "Luban"]
[Black "Faerieking"]
[WhiteElo "2230"]
[BlackElo "2200"]
[Result "0-1"]
[Round "1"]
1.d4 Ng8f6
2.c4 e6
3.a3 b6
4.Ng1f3 Bc8b7
5.e3 c5
6.Bf1e2 Bf8e7
7.O-O O-O
8.Nb1c3 d6
9.d5 e5
10.e4 Nb8d7
11.h3 h6
12.Nf3h2 Nf6h7
13.f4 f5
14.exf5 Rf8xf5
15.Be2g4 Rf5f8
16.Bg4xd7 Qd8xd7
17.fxe5 dxe5
18.Qd1e2 Be7d6
19.Bc1e3 Nh7f6
20.Ra1d1 Ra8e8
21.Nh2g4 Nf6xg4
22.Qe2xg4 Qd7xg4
23.hxg4 Bb7c8
24.g5 hxg5
25.Be3xg5 Bc8d7
26.Nc3e4 Bd6e7
27.Bg5xe7 Re8xe7
28.Rf1xf8 Kxf8
29.Rd1f1 Kg8
30.d6 Re7f7
31.Rf1xf7 Kxf7
32.Kf2 Bd7c6
33.Ke3 Ke6
34.b4 cxb4
35.axb4 Bc6xe4
36.Kxe4 Kxd6
37.Kf5 g6
38.Ke4 a5
{ resign }
0-1

[Event "Match"]
[Site "www.echecsemail.com"]
[Date "2017.04.20"]
[Round "1"]
[White "Chessington"]
[Black "Numanoid"]
[WhiteElo "2240"]
[BlackElo "2470"]
[Result "1-0"]
[Round "1"]
1.Ng1f3 d5
2.d4 Ng8f6
3.e3 Bc8g4
4.c4 dxc4
5.Bf1xc4 e6
6.h3 Bg4h5
7.O-O a6
8.Nb1c3 Nb8c6
9.Rf1e1 Bf8d6
10.g4 Bh5g6
11.e4 e5
12.dxe5 Nc6xe5
13.Nf3xe5 Bd6xe5
14.f4 Be5xc3
15.Qd1xd8 Ra8xd8
16.bxc3 h6
17.f5 Bg6h7
18.e5 Nf6d5
19.e6 c6
20.Bc1a3 { resign }
1-0

[Event "Match"]
[Site "www.echecsemail.com"]
[Date "2017.04.20"]
[Round "1"]
[White "Cjood"]
[Black "Fangshuo"]
[WhiteElo "1849"]
[BlackElo "2050"]
[Result "1-0"]
[Round "1"]
1.e4 e6
2.c3 c5
3.g3 d5
4.Bf1g2 d4
5.cxd4 cxd4
6.Qd1a4 Nb8c6
7.Ng1f3 d3
8.Nf3e5 Bc8d7
9.Ne5xd3 Nc6d4
10.Qa4xd4 Qd8c7
11.Nb1c3 Ng8e7
12.Nd3e5 Ne7c6
13.Qd4xd7 Qc7xd7
14.Ne5xd7 Kxd7
15.O-O Ra8d8
16.a3 Kc8
17.b4 Nc6d4
18.Ra1a2 h5
19.d3 Bf8e7
20.Bc1f4 g5
21.Bf4e3 Kb8
22.Be3xd4 Rd8xd4
23.Rf1d1 a6
24.Nc3e2 Rd4d7
25.d4 f5
26.exf5 exf5
27.d5 Be7d6
28.Ne2d4 f4
29.Nd4f5 Bd6f8
30.gxf4 gxf4
31.Ra2e2 Rd7f7
32.Re2e8 Ka7
33.Nf5d6 Rf7g7
34.Rd1c1 Rh8g8
35.Nd6c8 { resign }
1-0

[Event "Match"]
[Site "www.echecsemail.com"]
[Date "2017.04.20"]
[Round "1"]
[White "Coraza"]
[Black "Wagner"]
[WhiteElo "1760"]
[BlackElo "1820"]
[Result "0-1"]
[Round "1"]
1.c4 e5
2.e4 Bf8c5
3.Ng1f3 Qd8f6
4.g3 d6
5.h3 h6
6.Bf1g2 a5
7.Nb1c3 c6
8.d3 Bc8e6
9.Bc1d2 Nb8a6
10.O-O Qf6d8
11.Bd2e3 Ng8e7
12.d4 Bc5b6
13.d5 g6
14.Qd1d2 Be6d7
15.a3 c5
16.a4 g5
17.g4 f6
18.Qd2e2 Bb6a7
19.Be3d2 b6
20.Rf1b1 O-O
21.Nc3d1 Bd7e8
22.Nd1c3 Ba7b8
23.b3 Na6b4
24.Nc3a2 Nb4c2
25.Bd2c3 Nc2xa1
26.Bc3xa1 Ne7g6
27.Qe2e3 Be8d7
28.Qe3e2 Bd7e8
29.Na2c3 Be8d7
30.Qe2e3 Ng6f4
31.Nc3d1 h5
32.Nf3h2 hxg4
33.hxg4 Rf8f7
34.f3 Rf7h7
35.Nd1f2 Qd8f8
36.Nh2f1 Qf8h6
37.Ba1c3 Bb8a7
38.Bc3d2 Kf7
39.Qe3e1 Ra8h8
40.Bd2xf4 gxf4
41.Nf2h3 Ba7b8
42.Rb1b2 Bb8c7
43.Nf1h2 Bc7d8
44.Rb2c2 f5
45.Kf1 Bd8h4
46.Qe1e2 Bh4g3
47.Kg1 Qh6xh3
48.Bg2xh3 Rh7xh3
49.Qe2d3 Bg3xh2
50.Kf1 Bh2g3
51.Rc2g2 fxg4
52.Qd3c3 Kf6
53.Qc3c2 gxf3
{ resign }
0-1

[Event "Match"]
[Site "www.echecsemail.com"]
[Date "2017.04.20"]
[Round "1"]
[White "Cjood"]
[Black "Wagner"]
[WhiteElo "1699"]
[BlackElo "1810"]
[Result "1-0"]
[Round "1"]
1.e4 e5
2.Ng1f3 Nb8c6
3.Bf1c4 Qd8f6
4.Nb1c3 Bf8c5
5.Nc3d5 Qf6d8
6.c3 a6
7.d4 Bc5d6
8.Nd5e3 b5
9.Bc4d5 Ng8f6
10.Bd5xc6 dxc6
11.dxe5 Nf6xe4
12.exd6 cxd6
13.Qd1d4 Ne4f6
14.O-O a5
15.Rf1d1 d5
16.Qd4c5 Bc8b7
17.Ne3f5 Rh8g8
18.Nf5d6 Kd7
19.Nd6xb7 Qd8c7
20.Rd1e1 Nf6e4
21.Re1xe4 dxe4
22.Nf3e5 Ke6
23.Qc5xc6 Qc7xc6
24.Ne5xc6 Ra8c8
25.Nc6d4 Kf6
26.Nb7d6 Rg8d8
27.Nd6xc8 Rd8xc8
28.Nd4xb5 Rc8c6
29.h4 { resign }
1-0

[Event "Match"]
[Site "www.echecsemail.com"]
[Date "2017.04.20"]
[Round "1"]
[White "Mrynmryn"]
[Black "Jesmantiz"]
[WhiteElo "2090"]
[BlackElo "2190"]
[Result "0-1"]
[Round "1"]
1.Ng1f3 f5
2.d4 d6
3.Bc1f4 h6
4.h3 g5
5.Bf4h2 Bf8g7
6.c4 Ng8f6
7.Nb1c3 O-O
8.e3 Qd8e8
9.Bf1e2 c6
10.O-O Nb8d7
11.b4 e5
12.dxe5 dxe5
13.Qd1b3 c5
14.b5 g4
15.hxg4 Nf6xg4
16.Ra1d1 e4
17.Nf3d2 Ng4xh2
18.Kxh2 Qe8e5
19.g3 Nd7f6
20.f4 exf3
21.Rf1xf3 Nf6g4
22.Kg1 Qe5xc3
23.Qb3xc3 Bg7xc3
24.e4 { time. }
0-1

[Event "Match"]
[Site "www.echecsemail.com"]
[Date "2017.04.20"]
[Round "1"]
[White "Pinehill"]
[Black "Chemin"]
[WhiteElo "1950"]
[BlackElo "1809"]
[Result "0-1"]
[Round "1"]
1.e4 c6
2.d4 d5
3.Nb1d2 dxe4
4.Nd2xe4 Bc8f5
5.Ne4g3 Bf5g6
6.Ng1f3 Nb8d7
7.h4 h6
8.h5 Bg6h7
9.Bf1d3 Bh7xd3
10.Qd1xd3 Qd8c7
11.Bc1d2 Ng8f6
12.O-O-O e6
13.Bd2e3 Bf8d6
14.Ng3e4 Nf6xe4
15.Qd3xe4 Nd7f6
16.Qe4d3 O-O-O
17.Kb1 Kb8
18.c4 c5
19.d5 exd5
20.cxd5 Bd6f4
21.Rh1h4 Nf6xd5
22.Qd3b3 Bf4xe3
23.Rd1xd5 Be3xf2
24.Rh4a4 Rd8xd5
25.Qb3xd5 Rh8d8
26.Qd5e5 Qc7xe5
27.Nf3xe5 f6
28.Ne5g6 Rd8e8
29.Ng6f4 Bf2d4
30.Kc2 b6
31.b3 Re8e4
32.Nf4d5 Re4e5
33.Nd5c3 Re5xh5
34.Nc3b5 Rh5h2
35.Nb5xd4 Rh2xg2
{ resign }
0-1

[Event "Match"]
[Site "www.echecsemail.com"]
[Date "2017.04.20"]
[Round "1"]
[White "Pariolinius"]
[Black "Mrynmryn"]
[WhiteElo "2020"]
[BlackElo "2090"]
[Result "1-0"]
[Round "1"]
1.d4 d5
2.Ng1f3 Ng8f6
3.Bc1f4 e6
4.Nb1d2 c5
5.e3 Nb8c6
6.Bf1b5 Bc8d7
7.c3 c4
8.O-O a6
9.Bb5a4 b5
10.Ba4c2 Bf8e7
11.b4 O-O
12.Nf3e5 Nf6h5
13.Ne5xc6 Bd7xc6
14.Qd1xh5 g6
15.Qh5h3 Be7f6
16.Nd2f3 Qd8e7
17.Nf3e5 Rf8c8
18.Ne5xc6 Rc8xc6
19.Rf1e1 Ra8e8
20.e4 Qe7d7
21.e5 Bf6g7
22.Re1e3 Qd7e7
23.Re3g3 f5
24.Bf4g5 Qe7f7
25.Qh3h4 Bg7f8
26.Bg5f6 Bf8e7
27.Qh4h6 Be7xf6
28.exf6 Qf7xf6
{ time. }
1-0

[Event "Match"]
[Site "www.echecsemail.com"]
[Date "2017.04.20"]
[Round "1"]
[White "Wagner"]
[Black "Hansen"]
[WhiteElo "1820"]
[BlackElo "1600"]
[Result "1-0"]
[Round "1"]
1.e4 d5
2.e5 a6
3.d4 e6
4.Ng1h3 h6
5.a3 f5
6.f4 g5
7.Qd1h5 Kd7
8.fxg5 hxg5
9.Qh5xh8 Ng8h6
10.Bc1xg5 Bf8b4
11.axb4 Qd8xh8
12.Nh3f4 Nh6g4
13.h4 Nb8c6
14.c3 b5
15.Nb1d2 Ng4e3
16.Nf4g6 Qh8h5
17.Ng6f8 Ke8
18.Bf1e2 Ne3c2
19.Kf2 Qh5h8
20.Nf8g6 Qh8h7
21.h5 Qh7f7
22.Be2xb5 Bc8b7
23.Bb5a4 f4
24.Ba4xc2 a5
25.Ng6xf4 Qf7d7
26.Bc2g6 Kf8
27.h6 Nc6e7
28.h7 Kg7
29.Bg5h6 Kh8
30.Bg6c2 axb4
31.Ra1xa8 Bb7xa8
32.cxb4 Qd7b5
33.Nf4xe6 Ne7g8
34.Bh6g7 { resign }
1-0